| 000 | 02076cam a22004697a 4500 | ||
|---|---|---|---|
| 003 | CHAP | ||
| 005 | 20220817041750.0 | ||
| 008 | 971013s1976 r 00010 d | ||
| 010 | _a23766 | ||
| 011 | _a24738 | ||
| 035 | _a28837 | ||
| 040 | _cCHAP | ||
| 082 |
_a080 _bS4 v.312-315 |
||
| 100 | 0 | 0 |
_aBravo Ahuja, Gloria. _915116 |
| 245 | 1 | 4 | _aLos materiales didácticos para la enseñanza del español a los indígenas mexicanas |
| 260 |
_aMéxico, D. F. : _bSecretaría de Educción Pública, _c1976- |
||
| 300 |
_a4 v. _b: ilus. |
||
| 490 | 0 |
_aSEP. Setentas _v; 312-315 |
|
| 500 | _aLa biblioteca tiene : v.312 De la Conquista a la Revolución.- v.313 Las cartillas, 1.-v.314 Las cartillas,2.- v.315 Propuesta de una plantación lenguística | ||
| 590 |
_aBATCH-UPD _b10 _c20130110 _lUCH01 _h0215 |
||
| 590 |
_aBATCH-UPD _b10 _c20130110 _lUCH01 _h0944 |
||
| 590 |
_aBATCH-UPD _b10 _c20130409 _lUCH01 _h2234 |
||
| 590 |
_aBATCH-UPD _b10 _c20130410 _lUCH01 _h1156 |
||
| 590 |
_aBATCH-UPD _b10 _c20130913 _lUCH01 _h1925 |
||
| 590 |
_aCONVERSION _b10 _c20130109 _lUCH01 _h1314 |
||
| 650 | 1 | 4 |
_aAculturación. _9798 |
| 650 | 1 | 4 |
_aEducación de adultos. _935562 |
| 650 | 1 | 4 |
_aEducación rural _xMéxico. _935591 |
| 650 | 1 | 4 |
_aEspañol _xEstudio y enseñanza. _937735 |
| 830 | 0 |
_aSEP. Setentas _v; 312-315 |
|
| 901 | _aBK | ||
| 942 | _cLIBRO | ||
| 949 |
_a080 S4 v.312 _bBC _cLIBRO _d33724000307310 _eLIBRO _fc.2 _h44398 _i28837 _si |
||
| 949 |
_a080 S4 v.312 _bBC _cLIBRO _d33724000317244 _eLIBRO _h43089 _i28837 _si |
||
| 949 |
_a080 S4 v.313 _bBC _cLIBRO _d33724000307195 _eLIBRO _h43090 _i28837 _si |
||
| 949 |
_a080 S4 v.313 _bBC _cLIBRO _d33724000310199 _eLIBRO _fc.2 _h43090 _i28837 _si |
||
| 949 |
_a080 S4 v.314 _bBC _cLIBRO _d33724000307328 _eLIBRO _h43091 _i28837 _si |
||
| 949 |
_a080 S4 v.314 _bBC _cLIBRO _d33724000317350 _eLIBRO _fc.2 _h44400 _i28837 _si |
||
| 949 |
_a080 S4 v.315 _bBC _cLIBRO _d33724000306759 _eLIBRO _fc.3 _h44401 _i28837 _si |
||
| 949 |
_a080 S4 v.315 _bBC _cLIBRO _d33724000306908 _eLIBRO _fc.2 _h43089 _i28837 _si |
||
| 949 |
_a080 S4 v.315 _bBC _cLIBRO _d33724000309928 _eLIBRO _h43092 _i28837 _si |
||
| 999 |
_c23766 _d23766 |
||